000 00438nmm a2200157Ia 4500
008 251105s9999||||xx |||||||||||||||||und||
020 _a9789580611622
041 _aspa
100 _aEspaña, Erika
245 0 _aDiamantes al Desayuno
264 _a[Bogotá, Colombia] :
_bOveja Negra,
_c2011
300 _a220 páginas
650 _aLatin American narrative
856 _uhttps://public.digitaliapublishing.com/a/19849
942 _cCF
999 _c94840
_d94840